| 000 | 03968cam a22012374i 4500 | ||
|---|---|---|---|
| 003 | PE-LiUPU | ||
| 005 | 20250813185542.0 | ||
| 008 | 150616s1970 sp a rb 000 0 spa d | ||
| 035 | _a(Sirsi) a4044 | ||
| 040 |
_aPE-LiUPU _bspa _cPE-LiUPU _dPE-LiUPU _erda |
||
| 049 | _aPRUA | ||
| 082 | 0 | 4 |
_a370.8 _bH37 / N _221 |
| 100 | 1 |
_aHelming, Helene, _eautor. |
|
| 245 | 1 | 3 |
_aEl sistema Montessori / _cHelene Helming. |
| 264 | 1 |
_aBarcelona : _bLuis Miracle, _c1970. |
|
| 300 |
_a282 páginas : _bilustraciones ; _c22 centímetros |
||
| 336 |
_atext _2rdacontent |
||
| 337 |
_aunmediated _2rdamedia |
||
| 338 |
_avolume _2rdacarrier |
||
| 490 | 0 | _aNueva Biblioteca Pedagógica | |
| 504 | _aIncluye bibliografía. | ||
| 505 | 0 | _aVida y obra de María Montessori -- La educación concebida como elemento vital -- Lo inconsciente en la construcción vital -- La casa infantil como ambiente pedagógicamente idóneo -- Las prácticas de la vida cotidiana -- El material Montessori -- El fenómeno de la paralización de la atención -- La libre elección del trabajo -- El silencio -- El juego y el trabajo en la vida del niño -- La imaginación -- La mano y la mente -- El pie y el equilibrio -- El problema de la madurez escolar -- La formación lingüística -- La formación de la mente matemática -- La naturaleza en la pedagogía montes soriana -- Los "objetos de ciencia -- Libertad y vinculación en la pedagogía montes soriana -- Educación en pro de la solidaridad humana -- Educación con miras al bien -- Educación religiosa. | |
| 526 | _aP202 | ||
| 526 | _aP201 | ||
| 526 | _aP163 | ||
| 526 | _aP162 | ||
| 526 | _aP161 | ||
| 526 | _aP160 | ||
| 526 | _aP148 | ||
| 526 | _aP147 | ||
| 526 | _aP146 | ||
| 526 | _aP145 | ||
| 526 | _aP144 | ||
| 526 | _aP143 | ||
| 526 | _aP142 | ||
| 526 | _aP141 | ||
| 526 | _aP140 | ||
| 526 | _aP139 | ||
| 526 | _aP138 | ||
| 526 | _aP137 | ||
| 526 | _aP136 | ||
| 526 | _aP135 | ||
| 526 | _aP134 | ||
| 526 | _aP133 | ||
| 526 | _aP129 | ||
| 526 | _aP128 | ||
| 526 | _aP127 | ||
| 526 | _aP120 | ||
| 526 | _aP119 | ||
| 526 | _aP118 | ||
| 526 | _aP116 | ||
| 526 | _aP115 | ||
| 526 | _aP114 | ||
| 526 | _aP110 | ||
| 526 | _aP109 | ||
| 526 | _aP108 | ||
| 526 | _aP104 | ||
| 526 | _aP103 | ||
| 526 | _aP102 | ||
| 526 | _aP99 | ||
| 526 | _aP98 | ||
| 526 | _aP97 | ||
| 526 | _aP96 | ||
| 526 | _aP95 | ||
| 526 | _aP93 | ||
| 526 | _aP90 | ||
| 526 | _aP89 | ||
| 526 | _aP88 | ||
| 526 | _aP83 | ||
| 526 | _aP82 | ||
| 526 | _aP62 | ||
| 526 | _aP59 | ||
| 526 | _aP58 | ||
| 526 | _aP57 | ||
| 526 | _aP51 | ||
| 526 | _aP49 | ||
| 526 | _aP48 | ||
| 526 | _aP47 | ||
| 526 | _aP29 | ||
| 526 | _aP24 | ||
| 526 | _aP20 | ||
| 526 | _aP19 | ||
| 526 | _aP17 | ||
| 526 | _aP15 | ||
| 526 | _aP14 | ||
| 526 | _aP12 | ||
| 526 | _aP10 | ||
| 526 | _aP09 | ||
| 526 | _aP08 | ||
| 526 | _aP07 | ||
| 526 | _aP06 | ||
| 526 | _aP05 | ||
| 526 | _aP04 | ||
| 526 | _aP01 | ||
| 650 | 0 | 4 | _aMétodo Montessori. |
| 910 |
_ajck _bjvq _cjck |
||
| 942 |
_2ddc _cBOOK |
||
| 949 |
_a370.8 H37 / N _wDEWEY _c1 _i13324 _lCCODEBUL1 _mBUL _p33.00 _r0 _sY _tBOOK _u2015-04-23 _xEDUCACION _PP20 _0COMPRA _o.STAFF. Colección General |
||
| 949 |
_a370.8 H37 / N _wDEWEY _c2 _i09438 _lCCODEBUL1 _mBUL _p33.00 _r0 _sY _tBOOK _u2015-04-23 _xEDUCACION _PP20 _0COMPRA _o.STAFF. Colección Ciencias Humanas y Educación |
||
| 994 |
_aC0 _bPEPRU |
||
| 596 | _a1 | ||
| 999 |
_a370.8 H37 / N _wDEWEY _c48232 _i13324 _d48232 _e2017-6-4 _f2019-12-10 _g4 _lDISCARD _mBUL _n2 _q1 _r0 _sY _tBOOK _u2015-4-23 _xEDUCACION _PP20 _0COMPRA _o.STAFF. Colección General |
||
| 999 |
_a370.8 H37 / N _wDEWEY _c2 _i09438 _f2021-11-8 _g5 _lCCODEBUL1 _mBUL _p33.00 _r0 _sY _tBOOK _u2015-4-23 _xEDUCACION _PP20 _0COMPRA _o.STAFF. Colección Ciencias Humanas y Educación |
||
| 980 |
_81 _gALBERTO SANCHEZ Responsable de Automatización |
||